00888cam a2200253 a 4500999001500000001000700015003000600022005001700028008004100045010001900086040001800105082001800123092001900141100002100160245005100181260009900232300003400331600003200365610003300397610003500430650003400465942001200499952012300511 c3843d3843750156OCoLC20181122190104.0731109s1973 dcuc 000 0 eng  a73088416 //r91 aDLCcDLCdBSC a289.96bM818N a230.996bM818n1 aMoon, Sun Myung.10aNew hope :btwelve talks /cby Sun Myung Moon. aWashington, D.C. :bHoly Spirit Association for the Unification of World Christianity,cc1973. axi, 103 p. :bport. ;c22 cm.10aMoon, Sun MyungxTeachings.20aUnification ChurchxSermons.20aUnification ChurchxDoctrines. 0aTheologyxUnification Church. 2ddccBK 00102ddc40708NFICaHMCbHMCcGENd2018-11-22g230.00l0o289.96 M818Np004306r2018-11-22 00:00:00w2018-11-22yBK